Management thinkers (Record no. 4064)

MARC details
000 -LEADER
fixed length control field 00418 a2200157 4500
000 - LEADER
fixed length control field BKB
001 - CONTROL NUMBER
control field 070633
005 - DATE AND TIME OF LATEST TRANSACTION
control field 20200902150848.0
008 - FIXED-LENGTH DATA ELEMENTS--GENERAL INFORMATION
fixed length control field
082 ## - DEWEY DECIMAL CLASSIFICATION NUMBER
Classification number 338.09
Item number J56W
100 1# - MAIN ENTRY--PERSONAL NAME
Personal name N. Jinender Kumar
245 1# - TITLE STATEMENT
Title Management thinkers
Statement of responsibility, etc by N. Jinender Kumar
260 ## - PUBLICATION, DISTRIBUTION, ETC. (IMPRINT)
Place of publication, distribution, etc New Delhi
Name of publisher, distributor, etc Regal Publication
Date of publication, distribution, etc 2010
300 ## - PHYSICAL DESCRIPTION
Extent 189p.
690 ## - LOCAL SUBJECT ADDED ENTRY--TOPICAL TERM (OCLC, RLIN)
Topical term or geographic name as entry element Business consultants
Holdings
Withdrawn status Lost status Damaged status Not for loan Home library Current library Date acquired Cost, normal purchase price Total Checkouts Full call number Barcode Date last seen Price effective from Koha item type
        Central University Of Rajasthan Central University Of Rajasthan 07/03/2012 250.00   338.09 J56W 4920 21/11/2024 02/09/2020 Books